Mapping regional personal income distribution in Western Europe: income per capita and inequality
Gespeichert in:
| 1. Verfasser: | |
|---|---|
| Weitere Verfasser: | |
| Format: | Buchkapitel |
| Sprache: | Englisch |
| Schlagworte: | |
| Tags: |
Keine Tags, Fügen Sie das erste Tag hinzu!
|
MARC
| LEADER | 00000naa$a2200000$$$4500 | ||
|---|---|---|---|
| 001 | 0094365 | ||
| 005 | 20231010115217.3 | ||
| 041 | 0 | |a eng | |
| 044 | |a CZ | ||
| 245 | 1 | 0 | |a Mapping regional personal income distribution in Western Europe: income per capita and inequality |c Andrés Rodríguez-Pose, Vassilis Tselios |
| 610 | 2 | 0 | |a západná Európa |
| 610 | 2 | 0 | |a regióny |
| 610 | 2 | 0 | |a nerovnosť dôchodková |
| 610 | 2 | 0 | |a dôchodky |
| 610 | 2 | 0 | |a analýza ekonometrická |
| 100 | 1 | |a Rodríguez-Pose, Andrés | |
| 700 | 1 | |a Tselios, Vassilis | |